MARC

LEADER 00000nam0a2200000 4500
001 184889
005 20231031172533.0
035 |a (RuTPU)RU\TPU\book\200521 
090 |a 184889 
100 |a 20100923d1964 km y0rusy50 ca 
101 0 |a rus 
102 |a RU 
105 |a a z 001zy 
200 1 |a Центробежные и объемные гидропередачи и перспективы их применения в горной промышленности  |f А. В. Докукин [и др.] 
210 |a Москва  |c Недра  |d 1964 
215 |a 370 с.  |c ил. 
320 |a Библиогр.: с. 367-368. 
610 1 |a горное дело 
610 1 |a горное оборудование 
610 1 |a гидропередачи 
610 1 |a объемные гидроприводы 
610 1 |a центробежные передачи 
610 1 |a рудничный транспорт 
610 1 |a рудничные электровозы 
610 1 |a турбомуфты 
675 |a 622.002.5  |v 3 
675 |a 621.28  |v 3 
701 1 |a Докукин  |b А. В.  |g Александр Викторович 
701 1 |a Берман  |b В. М.  |g Валериан Михайлович 
701 1 |a Пономаренко  |b Ю. Ф.  |g Юрий Филиппович 
701 1 |a Кусов  |b Е. Ф. 
801 1 |a RU  |b 63413507  |c 20100923 
801 2 |a RU  |b 63413507  |c 20131022  |g RCR 
942 |c BK